|
|
|
|
| LEADER |
00907nab a2200205 i 4500 |
| 001 |
misc7602 |
| 005 |
20191106144118.0 |
| 008 |
170607s1900 hu o 0|| hun d |
| 022 |
|
|
|a 0025-0260
|
| 040 |
|
|
|a SZTE Miscellanea Repozitórium
|b hun
|
| 041 |
|
|
|a hun
|
| 100 |
2 |
|
|a Bihari F. Immánuel
|
| 245 |
1 |
0 |
|a Gustav Hecke
|h [elektronikus dokumentum] :
|b Systematisch-kritische Darstellung der Pädagogik John Lockes : ein Beitrag zur Geschichte der Pädagogik und Philosophie : [könyvismertetés] /
|c Bihari F. Immánuel
|
| 260 |
|
|
|c 1900
|
| 300 |
|
|
|a 208-210
|
| 490 |
0 |
|
|a Magyar pedagógia : a Magyar Tudományos Akadémia Pedagógiai Bizottságának folyóirata
|v 9
|
| 695 |
|
|
|a Locke John, Neveléselmélet könyvismertetés, Locke, Neveléstörténet, Magánnevelés
|
| 700 |
0 |
1 |
|a Hecke Gustav
|
| 700 |
0 |
1 |
|a Lockes John
|
| 856 |
4 |
0 |
|u http://misc.bibl.u-szeged.hu/7602/1/mp_1900_0669_208-210.pdf
|z Dokumentum-elérés
|